2023 Celebrity Deaths: COVID, Cancer, or Natural Causes? - Statistics

General Stats
  • This quiz has been taken 32 times
  • The average score is 7 of 12
Answer Stats
Question Answer % Correct
Paul Reubens cancer
71%
Suzanne Somers cancer
71%
Jerry Springer cancer
71%
Bob Barker natural causes
71%
Tony Bennett natural causes
71%
Lisa Marie Presley natural causes
71%
Tina Turner natural causes
71%
David Crosby COVID-19
57%
Harry Belafonte natural causes
57%
Norman Lear natural causes
43%
Raquel Welch natural causes
43%
Gordon Lightfoot natural causes
29%
No matching quizzes found
Score Distribution
Percent of People with Each Score
Percentile by Number Answered
Your Score History
You have not taken this quiz